Normal view
MARC view
- الأدب - مواجهات
Entry Topical Term
001 - CONTROL NUMBER
- control field: 10367
003 - CONTROL NUMBER IDENTIFIER
- control field: JO-AjAnu
005 - DATE AND TIME OF LATEST TRANSACTION
- control field: 20230606071950.0
008 - FIXED-LENGTH DATA ELEMENTS
- fixed length control field: 230606|| aca||aabn | a|a d
040 ## - CATALOGING SOURCE
- Original cataloging agency: JO-AjAnu
- Transcribing agency: JO-AjAnu
150 ## - HEADING--TOPICAL TERM
- Topical term or geographic name entry element: الأدب - مواجهات
670 ## - SOURCE DATA FOUND
- Source citation: Work cat.: (JO-AjAnu)5338: عبد ربه، خيري, author 10366, مواجهات في الأدب (2)